000 00806nam a22002417a 4500
005 20180711115305.0
008 180602b xxu||||| |||| 00| 0 eng d
010 _aB-216387
020 _a9788176488297
_c695.00
035 _aB-216387, B216381
037 _aBPPD/PUB
040 _aDPL
_bENG
082 _a375
100 _aV.K. RAO
245 _aPrinciples of curriculum /
_cby V.K. RAO
260 _aNew Delhi :
_bAPH Publishing Corporation
_c2005
270 _a4435-36/7. Ansari road, Darya Ganj
_bNew Delhi
_e110002
300 _axi, 357p.
_c20 cm. (Hb)
500 _aIncludes bibliographical references and Index
520 _aContributed articles.
942 _2ddc
_cEN
_mRAO
_h375.001
999 _c152513
_d152513